000 00278nam a22001217a 4500
008 170831b xxu||||| |||| 00| 0 eng d
041 _aeng
080 _a047
100 _a040
101 _aMED
245 _aINTERNATIONAL INTERVIEWING COUNSELING
_cMEY.A
942 _2udc
_cBK
999 _c25793
_d25793